Catalog

Record Details

Catalog Search



Hillbilly elegy : a memoir of a family and culture ... Read More

Vance, J. D.,(author.).

Available copies

  • 7 of 8 copies available at LARL/NWRL Consortium.
  • 3 of 3 copies available at Lake Agassiz Regional Library. (Show preferred library)

Current holds

3 current holds with 8 total copies.

Show Only Available Copies
Location Call Number / Copy Notes Barcode Shelving Location Status Due Date
Bagley Public Library 921 VAN (Text) 33500012325734 Main Available -
Barnesville Public Library 921 VAN (Text) 33500012416863 Main Available -
McIntosh Public Library 921 VAN (Text) 33500012525655 Main Available -
Godel Memorial-Warren Library 921 VAN (Text) 35500006923070 Main Checked out 07/13/2026
Greenbush Public Library 921 VAN (Text) 35500005895279 Main Available -
Red Lake Falls Public Library 921 VAN (Text) 35500005836612 Main Available -
Roseau Public Library 921 VAN (Text) 35500005920499 Main Available -
Warroad Public Library 921 VAN (Text) 35500006024069 Main Available -

Record details

  • ISBN: 9780062300546
  • ISBN: 0062300547
  • ISBN: 9780062300553
  • Physical Description: 264 pages ; 24 cm
  • Edition: First edition.
  • Publisher: New York, NY : Harper, an imprint of HarperCollinsPublishers, [2016]

Content descriptions

Bibliography, etc. Note:
Includes bibliographical references (pages ... Read More
Summary, etc.:
Shares the story of the author's family and ... Read More
Subject: Vance, J. D.
Vance, J. D. > Family.
Working class whites > United States > Biography.
Working class whites > United States > Social conditions.
Appalachian Region > Economic conditions.
Mountain people > Kentucky > Social conditions.
Social mobility > United States > Case studies.
LDR 01696cam a2200397Ii 4500
001212513
003LARL_NWRL_CONSORTIUM
00520260219151501.0
008160623s2016 nyu b 000 0aeng d
020 . ‡a9780062300546
020 . ‡a0062300547
020 . ‡a9780062300553
035 . ‡a(OCoLC)952097610
043 . ‡an-us--- ‡an-usa-- ‡an-us-ky
08204. ‡a305.5/62092 ‡aB ‡223
1001 . ‡aVance, J. D., ‡eauthor. ‡0(LARL_NWRL_CONSORTIUM)222589
24510. ‡aHillbilly elegy : ‡ba memoir of a family and culture in crisis / ‡cJ.D. Vance.
250 . ‡aFirst edition.
264 1. ‡aNew York, NY : ‡bHarper, an imprint of HarperCollinsPublishers, ‡c[2016]
300 . ‡a264 pages ; ‡c24 cm
336 . ‡atext ‡btxt ‡2rdacontent
337 . ‡aunmediated ‡bn ‡2rdamedia
338 . ‡avolume ‡bnc ‡2rdacarrier
504 . ‡aIncludes bibliographical references (pages 263-264).
520 . ‡aShares the story of the author's family and upbringing, describing how they moved from poverty to an upwardly mobile clan that included the author, a Yale Law School graduate, while navigating the demands of middle class life and the collective demons of the past.
60010. ‡aVance, J. D. ‡0(LARL_NWRL_CONSORTIUM)222589
60010. ‡aVance, J. D. ‡xFamily.
650 0. ‡aWorking class whites ‡zUnited States ‡vBiography.
650 0. ‡aWorking class whites ‡zUnited States ‡xSocial conditions.
651 0. ‡aAppalachian Region ‡xEconomic conditions. ‡0(LARL_NWRL_CONSORTIUM)168266
650 0. ‡aMountain people ‡zKentucky ‡xSocial conditions.
650 0. ‡aSocial mobility ‡zUnited States ‡vCase studies.
905 . ‡uvanderl
901 . ‡a212513 ‡b ‡c212513 ‡tbiblio ‡soclc

Additional Resources